True love /

Bibliographic Details
Main Author: Gold, Herbert, 1924-
Format: Book
Language:English
Published: New York : Arbor House, [1982]

MARC

Tag First Indicator Second Indicator Subfields
LEADER 00000cam a2200000 a 4500
001 in00000092276
005 20150923132036.0
008 830628s1982 nyu 00011 eng
010 |a  82072063  
020 |a 0877954259 :  |c $14.25 
035 |a (OCoLC)08837055 
035 |9 AAK7358AM 
039 0 |a 2  |b 3  |c 3  |d 3  |e 3 
040 |a DLC  |c DLC  |d TXA  |d UtOrBLW 
049 |a TXAM  |c [1118500] 
050 0 0 |a PS3557.O34  |b T78 1982 
082 0 |a 813/.54  |2 19 
100 1 |a Gold, Herbert,  |d 1924- 
245 1 0 |a True love /  |c by Herbert Gold. 
264 1 |a New York :  |b Arbor House,  |c [1982] 
264 4 |c ©1982 
300 |a 214 pages ;  |c 24 cm. 
336 |a text  |b txt  |2 rdacontent 
337 |a unmediated  |b n  |2 rdamedia 
338 |a volume  |b nc  |2 rdacarrier 
999 |a MARS 
999 f f |s 665bd5cf-484e-3b82-bd22-9a969698c83b  |i 5c64f1c0-663b-39bb-b069-29d2982f55fd  |t 0 
952 f f |p ric  |a Texas A&M University  |b Rellis Campus  |c Joint Library Facility  |d Remote Storage  |t 0  |e PS3557.O34 T78 1982  |h Library of Congress classification  |i unmediated -- volume  |m A14807501208 
998 f f |a PS3557.O34 T78 1982  |t 0  |l Remote Storage